Spell the Marvel Hero #37 - Statistics

General Stats
  • This quiz has been taken 19 times
  • The average score is 4 of 5
Answer Stats
Picture Answer % Correct
Human Torch
94%
Kitty Pryde
81%
U.S. Agent
81%
Hulk
69%
Legacy (Genis-Vell)
38%
No matching quizzes found
Score Distribution
Percent of People with Each Score
Percentile by Number Answered
Your Score History
You have not taken this quiz